=LDR 00000nam 2200000 4500 =001 NUTBA000000000001160 =005 20140414174935.0 =006 =007 =008 =020 ##$$a 978-979-15135-4-8 =035 ##$$a 0010-041400000000430 =040 ##$$a NBPDMAT =082 ##$$a 610.7 =090 ##$$a 610.7$bSet p =100 ##$$a Setiawati, Santun =245 ##$$a Panduan praktis pengkajian fisik keperawatan$cSantun Setiawati =260 ##$$a Jakarta $bTrans Info Media$c2008. =300 ##$$a 122 hlm.$bilus.$c21 cm. =650 ##$$a Keperawatan =850 ##$$a NBPNMAT =990 ##$$a 20903334 =990 ##$$a 93866/BPAP-NTB/2014 =990 ##$$a 76377637 =990 ##$$a 93866/BPAP-NTB/2014 =990 ##$$a 01201807637